000 00796nam a2200229 a 4500
001 BRCA_6822
005 20190320205615.0
008 041111s1933----nyua######---#000-0#eng-#
041 _aeng
044 _anyu
050 4 _aQL78
_b.C6
_c1933
245 1 0 _aTropical fishes as pets
_bexpert information in entertaining readable form for the use and interest of the amateur collector and breeder.
_cby Christopher W. Coates; photographs by S. C. Dunton
260 _aNueva York
_bGarden City Publishing
_c1933
300 _a226 p.
_bil. (algunas a color)
_c21 cm.
500 _aIncluye índice onomástico y de ilustraciones
500 _aI155
650 1 4 _aPeces
_916686
650 1 4 _aAcuarios
_917017
700 1 _aWilliam Coates, Christopher
_eEditor.
_917018
902 _aGFM
942 _2lcc
_cB
999 _c6505
_d6505